000 006410000a22001930004500
999 _c59962
_d59962
001 768714001
003 CO-MdFUSB
005 20170719165757.0
008 170719s1993 ag ||||| |||| 00| 0 spa d
022 _a0122-2996
040 _aCO-MdFUSB
_bspa
_cCO-MdFUSB
_dCO-MdFUSB
041 _aspa
100 1 _aAnónimo
245 1 0 _aForo Internacional :
_blos cristianos evangélicos y el medio ambiente. Informe final
300 _aVolumen 25. Número 49 (1993), Páginas 41-51
_c22 cm.
546 _aTexto en español
773 0 _tBoletín Teológico
_049507
_961455
_gVolumen 25. Número 49 (1993), Páginas 41-51
_qPágina 41
942 _cANA